Województwo białostockie 1975-98 Miasta - Statystyki

Ogólne statystyki
  • Ten quiz został rozwiązany 29 razy
  • Średni wynik to 13 z 20
Statystyki odpowiedzi
Ludność Miasto % Poprawnych
283 937 Białystok
100%
23 320 Łapy
85%
20 096 Sokółka
81%
27 594 Bielsk Podlaski
77%
5 400 Choroszcz
73%
8 900 Wasilków
73%
10 013 Czarna Białostocka
69%
4 600 Supraśl
69%
1 900 Tykocin
69%
24 170 Hajnówka
65%
10 990 Mońki
65%
2 900 Knyszyn
58%
15 632 Siemiatycze
58%
3 800 Brańsk
54%
6 200 Dąbrowa Białostocka
54%
1 000 Suraż
50%
2 100 Drohiczyn
46%
1 400 Kleszczele
46%
2 300 Suchowola
46%
2 400 Zabłudów
42%
Nie znaleziono quizów pasujących do podanych kryteriów
Rozkład punktacji
Procent ludzi z każdym wynikiem
Percentyl według liczby udzielonych odpowiedzi
Twoja historia wyników
Nie rozwiązałeś tego quizu